2024 Movies by Screenshot - Statistics

General Stats
  • This quiz has been taken 629 times
  • The average score is 12 of 16
Answer Stats
Picture Answer % Correct
Moana 2
98%
Inside Out 2
94%
Venom: The Last Dance
94%
Wicked
93%
Deadpool & Wolverine
89%
Beetlejuice Beetlejuice
87%
Gladiator II
86%
Despicable Me 4
82%
Kingdom of the Planet of the Apes
75%
Dune: Part Two
73%
Twisters
67%
Bad Boys: Ride or Die
64%
Sonic the Hedgehog 3
62%
Furiosa: A Mad Max Saga
60%
The Wild Robot
57%
Godzilla x Kong: The New Empire
47%
No matching quizzes found
Score Distribution
Percent of People with Each Score
Percentile by Number Answered
Your Score History
You have not taken this quiz